Online Catalogue and eLibrary

The American Impact on Sri Lanka (Record no. 648)

MARC details
000 -LEADER
fixed length control field 00225nam a2200097Ia 4500
008 - FIXED-LENGTH DATA ELEMENTS--GENERAL INFORMATION
fixed length control field 240331s9999 xx 000 0 und d
082 ## - DDC Classification
Class No. 082
Item Number - Author Mark DES
100 ## - MAIN ENTRY--PERSONAL NAME
Personal name De Silva,C.R
245 #4 - TITLE STATEMENT
Title The American Impact on Sri Lanka
942 ## - Koha item type (Biblio)
Koha item type Books in Stacks (Lending)
Holdings
Lost status Damaged status Collection code Home library Current library Shelving location Date acquired Full call number Accession Number Item type
    Lending WERC Library WERC Library Social Science Cupboard 03/31/2024 082 DES 655 Books in Stacks (Lending)

© WERC Library